Killing for luxury

Bibliographic Details
Main Author: Bright, Michael
Format: Book
Published: London : Franklin Watts , 1992
Subjects:

MARC

LEADER 00000cam a2200000 7i4500
001 0000006844
005 20011119.0
020 |a 074960767X 
090 0 0 |a J 333.95   |b BRI 
100 1 |a Bright, Michael 
245 1 0 |a Killing for luxury   |c Michael Bright 
260 |a London :   |b Franklin Watts ,   |c 1992 
300 |a 32 p. ;   |c 24 cm. 
650 0 0 |a Wildlife conservation 
999 |a 027194   |b BUKU   |c JUNIOR REFERENCE   |e PERPUSTAKAAN KOMUNITI PETALING JAYA